00357nam a2200145Ia 4500008004100000020001500041041001200056082001600068100002300084245003200107250000900139260003600148300000800184650001900192221030s9999 xx 000 0 und d a8178085801 aEnglish a105.23bVan aJames C. Van Horne 0aFinancial Management Policy a12th bAddison WesleyaNew Delhic2002 a814 aMCA Management